000 00631nam a2200217 u 4500
005 20210223132122.0
008 130809s2010 mx r 000 0 spa d
020 _a9786071104731
035 _aUPN01000192118
049 _aCG
050 4 _aPQ8098.32 A4.36
_bM8.4
100 1 _aValenzuela, José Ignacio,
_d1972-
_934359
245 1 3 _aLa mujer infinita /
_cJosé Ignacio Valenzuela.
260 _aMéxico :
_bSuma de Letras,
_c2010.
300 _a243 p.
650 4 _aNOVELA CHILENA
_98845
600 1 4 _aMODOTTI, TINA,
_d1896-1942
_915752
650 4 _aFOTOGRAFOS -
_vBIOGRAFIA
_922493
905 _aLibro
999 _c164221
_d164221